Welcome to the Holygrace Academy Library

Please use search bar below to get started

FIRST BOOK OF FLOWERS (Record no. 6585)

MARC details
000 -LEADER
fixed length control field 00279nam a22001337a 4500
082 ## - DEWEY DECIMAL CLASSIFICATION NUMBER
Classification number 001
Item number GAN/F
100 ## - MAIN ENTRY--AUTHOR NAME
Personal name GANERI, ANITA
100 ## - MAIN ENTRY--AUTHOR NAME
Personal name CHANDLER, DAVID
245 ## - TITLE STATEMENT
Title FIRST BOOK OF FLOWERS
260 ## - PUBLICATION, DISTRIBUTION, ETC. (IMPRINT)
Place of publication LONDON
Name of publisher A&C BLACK
300 ## - PHYSICAL DESCRIPTION
Number of Pages 48
650 ## - SUBJECT ADDED ENTRY--TOPICAL TERM
Topical Term GK
Geographic subdivision LONDON
942 ## - ADDED ENTRY ELEMENTS (KOHA)
Koha item type Books
Holdings
Withdrawn status Lost status Collection code Home library Current library Shelving location Date acquired Source of acquisition Full call number Accession Number Koha item type
    G.K Main Library Main Library SHELF-17E-SCIENCE RELATED BOOKS 01/11/2019 PURCHASE 001 GAN/F 11874 Books